000 00343nam a2200121Ia 4500
008 210430s9999 xx 000 0 und d
082 _a620.118 C5591 C
100 _aDeborah.D.L.Chung
245 _aComposite Materials Science and Applications
_cDeborah.D.L.Chung
260 _aNew Delhi
_bSpringer
_c2006
300 _a289p
942 _cBK
_2ddc
999 _c564609
_d564609